| 000 | 00541nam a2200145 a 4500 | ||
|---|---|---|---|
| 008 | 120416s1976 ||||||||||||||||| || u | ||
| 050 | _aTK 7867.5 Low | ||
| 100 | _aLowenberg, Edwin C | ||
| 245 | 1 | 0 | _aShaum's outline of theory and problems of electronic circuits |
| 250 | _aSI [metric | ||
| 260 |
_aNew York _bMcGraw-Hill _c1976 |
||
| 300 | _a[vi],274p. : ill. | ||
| 350 | _a0.00 | ||
| 995 |
_D0.00 _FCBU-MAIN LIBRARY (Kitwe) _H1 _I3.75 _M1 _UAVAILABLE _ZMain Library Open Access Collection |
||
| 999 |
_c57394 _d57394 |
||